[Event "FIDE Open"]
[Site "Voronezh"]
[Date "2018.06.20"]
[Round "9.69"]
[White "Titov, Oleg"]
[Black "Rudakov, Sergey S."]
[Result "0-1"]
[WhiteElo "1695"]
[BlackElo "1568"]
[Annotator ""]
[Source ""]
[Remark ""]

1.e4 c5 2.Nf3 a6 3.d4 cxd4 4.Nxd4 Nf6 5.Nc3 d6 6.Be2 Nbd7 7.O-O
Nc5 8.f3 g6 9.Be3 Bg7 10.Qd2 O-O 11.b4 Ne6 12.a4 Nxd4 13.Bxd4
Be6 14.Rab1 Rc8 15.Rfc1 Bc4 16.Bxc4 Rxc4 17.Be3 Qc7 18.Ne2 Rc8
19.c3 a5 20.Kh1 Nd7 21.Bd4 Ne5 22.Rb3 Nc6 23.Bxg7 Kxg7 24.Rcb1
axb4 25.cxb4 Ne5 26.R3b2 Qd7 27.Qd5 Qxa4 28.Qxb7 Rc2 29.Ng1 Nd3
30.h3 Nxb2 31.Rxb2 R8c7 32.Qb6 Rxb2 33.Qd4+ e5 34.Qxb2 Rc2 35.Qb1
Qa2 36.Qf1 Rf2 0-1

[Event "FIDE Open"]
[Site "Voronezh"]
[Date "2018.06.20"]
[Round "9.70"]
[White "Shipitsyna, Guzyal"]
[Black "Povelitsa, Nikolai"]
[Result "1-0"]
[WhiteElo "1444"]
[BlackElo "1364"]
[Annotator ""]
[Source ""]
[Remark ""]

1.d4 d5 2.c4 Nf6 3.Nc3 h6 4.Nf3 g6 5.cxd5 Nxd5 6.h3 Bg7 7.e4
Nf6 8.Bc4 e6 9.O-O Nbd7 10.Be3 c6 11.Qd2 Qe7 12.a3 Nb6 13.Ba2
Bd7 14.Ne5 Rd8 15.f4 Bc8 16.Qf2 Nh5 17.g4 Nf6 18.f5 g5 19.Kg2
h5 20.Rh1 Qd6 21.Qg3 Bh6 22.Rad1 Ke7 23.Rhf1 Rdf8 24.fxe6 Bxe6
25.Bxe6 Qxe6 26.d5 cxd5 27.Bc5+ Ke8 28.exd5 Nbxd5 29.Nxd5 Nxd5
30.Bxf8 Bxf8 31.Rde1 Be7 32.Nd3 Qc6 33.Qb8+ Kd7 34.Ne5+ 1-0

[Event "FIDE Open"]
[Site "Voronezh"]
[Date "2018.06.20"]
[Round "9.71"]
[White "Zakharov, Timofey V."]
[Black "Neklyudova, Taisiya"]
[Result "1-0"]
[WhiteElo "1389"]
[BlackElo "1268"]
[Annotator ""]
[Source ""]
[Remark ""]

1.e4 e5 2.Nf3 Nc6 3.Bc4 Nf6 4.Ng5 d5 5.exd5 Na5 6.Bb5+ c6 7.dxc6
bxc6 8.Bd3 Nd5 9.Nf3 Bd6 10.O-O Nf4 11.Re1 Nxd3 12.cxd3 O-O 13.Nxe5
Qc7 14.Nf3 Ba6 15.Nc3 Bxd3 16.b3 Rfe8 17.Re3 Bg6 18.Bb2 Bf4 19.Rxe8+
Rxe8 20.Rc1 Bh5 21.Nd5 Qd6 22.Nxf4 Qxf4 23.Bc3 Nb7 24.h3 f5 25.b4
Re6 26.Qb3 Bf7 27.Qc2 Rg6 28.Ne5 Rh6 29.Nxf7 Kxf7 30.Re1 Qg5
31.Qb3+ Kf8 32.Re3 f4 33.Rf3 Rg6 34.g3 Ke7 35.Kh1 Qh5 36.g4 Rxg4
37.Qd1 Rh4 38.Qe1+ Kf7 39.Kg2 Qg5+ 40.Kf1 Qh5 41.Qe4 Qh6 42.Qf5+
Ke7 43.Qe5+ Qe6 44.Qxg7+ Qf7 45.Bf6+ 1-0

[Event "FIDE Open"]
[Site "Voronezh"]
[Date "2018.06.20"]
[Round "9.72"]
[White "Cherniavskaya, Klara"]
[Black "Degtiarev, Viktor"]
[Result "0-1"]
[WhiteElo "1357"]
[BlackElo "1772"]
[Annotator ""]
[Source ""]
[Remark ""]

1.e4 c5 2.Nc3 Nc6 3.Bc4 e6 4.Nf3 a6 5.e5 b5 6.Bb3 c4 7.Ba4 bxa4
8.Nxa4 d5 9.exd6 Bxd6 10.Qe2 Nf6 11.Qxc4 Bd7 12.O-O O-O 13.Nc3
Nb4 14.Qe2 Nxc2 15.Rb1 Nb4 16.a3 Nbd5 17.Ne4 Nxe4 18.Qxe4 Nf6
19.Qe3 Ng4 20.Qe4 f5 21.Qe2 Bxh2+ 22.Kh1 Bd6 23.g3 e5 24.d3 Bc6
25.Kg1 Bb7 0-1

[Event "Fide Open"]
[Site "Voronezh"]
[Date "2018.06.20"]
[Round "9.2"]
[White "Lukovnikov, Alexander"]
[Black "Ilyina, Lada"]
[Result "1/2-1/2"]
[WhiteElo "2153"]
[BlackElo "2031"]
[Annotator ""]
[Source ""]
[Remark ""]

1.e4 e6 2.d4 d5 3.Nc3 Nf6 4.e5 Nfd7 5.Nf3 c5 6.dxc5 Nc6 7.Bf4
Bxc5 8.Bd3 a6 9.a3 b5 10.O-O Bb7 11.Qd2 Be7 12.a4 b4 13.Ne2 Nc5
14.Ned4 Nd7 15.Qe2 Nc5 16.Qd2 Ne4 17.Qe2 Nc5 18.Qd2 Ne4 19.Qe2
Nc5 20.Qd2 1/2-1/2

[Event "Fide Open"]
[Site "Voronezh"]
[Date "2018.06.20"]
[Round "9.3"]
[White "Novikov, Sergey D"]
[Black "Kitaev, Roman"]
[Result "1/2-1/2"]
[WhiteElo "2180"]
[BlackElo "2031"]
[Annotator ""]
[Source ""]
[Remark ""]

1.d4 Nf6 2.c4 e5 3.dxe5 Ng4 4.Nf3 Bc5 5.e3 Nc6 6.Bd2 Ngxe5 7.Nxe5
Nxe5 8.Bc3 Qe7 9.Be2 O-O 10.Nd2 d6 11.Nf3 c6 12.O-O Nxf3+ 13.Bxf3
Be6 14.Qe2 Rfd8 15.Rfd1 Qg5 16.e4 a5 17.g3 Bb4 18.Bd4 a4 19.b3
a3 20.Rac1 h5 21.Bc3 Qc5 22.Bxb4 Qxb4 23.Rd3 Ra5 24.Rcd1 b5 25.cxb5
Rxb5 26.Qd2 Qxd2 27.R1xd2 Kf8 28.Kf1 Ke7 29.Ke2 Rd7 30.Rd1 Rd8
31.R1d2 Rd7 32.Rd1 1/2-1/2

[Event "Fide Open"]
[Site "Voronezh"]
[Date "2018.06.20"]
[Round "9.4"]
[White "Garafutdinov, Ainur"]
[Black "Beldyugin, Alexey"]
[Result "1/2-1/2"]
[WhiteElo "2122"]
[BlackElo "2113"]
[Annotator ""]
[Source ""]
[Remark ""]

1.e4 d6 2.d4 g6 3.Nc3 Bg7 4.Be3 Nd7 5.Qd2 e5 6.O-O-O exd4 7.Bxd4
Ngf6 8.g4 h6 9.h4 Nf8 10.Be2 Ne6 11.Be3 h5 12.g5 Ng4 13.f4 Nxe3
14.Qxe3 O-O 15.f5 Bxc3 16.fxe6 Bg7 17.exf7+ Kh7 18.Nh3 Bxh3 19.Rxh3
Rxf7 20.e5 Bxe5 21.Qd3 Kg7 22.Bf3 Qe8 23.Bxb7 Rb8 24.Qa6 c5 25.Rb3
c4 26.Bc6 Qc8 27.Qxc4 Rxb3 28.axb3 Rc7 29.Rf1 Rxc6 30.Qf7+ Kh8
31.Qxg6 Rc7 32.Kb1 Rh7 33.Rf7 Qg8 34.Rxh7+ Qxh7 35.Qe8+ Kg7 36.Qe7+
Kg6 37.Qe6+ Kg7 38.Qe7+ Kg8 39.Qe8+ Kg7 40.Qe7+ Kg6 41.Qe6+ Kg7
42.Qe7+ 1/2-1/2

[Event "Fide Open"]
[Site "Voronezh"]
[Date "2018.06.20"]
[Round "9.6"]
[White "Lepaev, Andrey"]
[Black "Khajrutdinov, Ildar"]
[Result "1/2-1/2"]
[WhiteElo "1992"]
[BlackElo "2106"]
[Annotator ""]
[Source ""]
[Remark ""]

1.d4 d5 2.c4 c6 3.Nf3 Nf6 4.e3 Bf5 5.Nc3 a6 6.b3 e6 7.Be2 h6
8.O-O Nbd7 9.Nh4 Bh7 10.g3 Be7 11.Ng2 b5 12.Bd3 Bxd3 13.Qxd3
dxc4 14.Qe2 Nb6 15.Nd1 O-O 16.Bd2 a5 17.Rc1 a4 18.bxc4 Nxc4 19.Bc3
Nd5 20.Ne1 e5 21.Nf3 e4 22.Nd2 Nd6 23.Bb2 Qd7 24.Nc3 f5 25.f3
Bg5 26.f4 Be7 27.Kh1 Nb4 28.Ba3 Nd3 29.Rb1 Rfb8 30.Bxd6 Bxd6
31.g4 b4 32.Ncxe4 fxe4 33.Nxe4 Nxf4 34.exf4 Bf8 35.Qc4+ Qd5 36.Qxd5+
cxd5 37.Nc5 Bxc5 38.dxc5 b3 39.axb3 axb3 40.Rb2 Ra4 41.Rf3 Kf7
42.c6 Ra1+ 43.Kg2 Ra2 44.Rff2 Rxb2 45.Rxb2 Rc8 46.Rxb3 Rxc6 1/2-1/2

[Event "Fide Open"]
[Site "Voronezh"]
[Date "2018.06.20"]
[Round "9.7"]
[White "Artemov, Nikita"]
[Black "Yakimenko, Alexander A."]
[Result "1-0"]
[WhiteElo "1970"]
[BlackElo "2094"]
[Annotator ""]
[Source ""]
[Remark ""]

1.e4 e6 2.d4 d5 3.Nd2 Nc6 4.Ngf3 Nf6 5.e5 Nd7 6.c4 f6 7.cxd5
exd5 8.Bb5 Be7 9.O-O O-O 10.e6 Nb6 11.Re1 Qd6 12.Nb3 Nd8 13.Nc5
c6 14.Bd3 g6 15.g3 Nxe6 16.Rxe6 Bxe6 17.Bf4 Qxf4 18.gxf4 Bg4
19.Kg2 Bd6 20.Qc2 Rf7 21.h3 Bh5 22.Ne6 Re8 23.f5 gxf5 24.Bxf5
Kh8 25.Nh2 Rfe7 26.Ng4 Nd7 27.Re1 Bf7 28.Nh6 Bxe6 29.Bxe6 Rxe6
30.Rxe6 Rxe6 31.Qf5 Re7 32.Kf1 Bc7 33.Qg4 Rg7 34.Qe6 Nf8 35.Qe8
Bd6 36.Nf5 Bb4 37.a3 1-0

[Event "Fide Open"]
[Site "Voronezh"]
[Date "2018.06.20"]
[Round "9.8"]
[White "Abramov, Ilya"]
[Black "Kuzmin, Roman"]
[Result "1-0"]
[WhiteElo "2089"]
[BlackElo "1963"]
[Annotator ""]
[Source ""]
[Remark ""]

1.d4 Nf6 2.c4 g6 3.Nc3 d5 4.Bf4 Bg7 5.e3 O-O 6.Nf3 c6 7.h3 Nbd7
8.Bd3 dxc4 9.Bxc4 Nb6 10.Bd3 Nbd5 11.Be5 Qb6 12.Qd2 a5 13.e4
Nb4 14.Bc4 Rd8 15.O-O Qa7 16.a3 Na6 17.Ng5 e6 18.Qf4 h6 19.Nxf7
Nh5 20.Nxh6+ Kh7 21.Qg5 Rxd4 22.Bxg7 Kxg7 23.Ng4 Bd7 24.Ne5 Be8
25.Qe7+ Kh8 26.Bxe6 Qc5 27.Qg5 Kg7 28.Rad1 Rad8 29.Na4 Qf8 30.Rxd4
Rxd4 31.Ng4 Kh7 32.Qe5 Rxa4 33.Bb3 c5 34.Bxa4 Bxa4 35.f4 Qg7
36.f5 Qxe5 37.Nxe5 gxf5 38.exf5 Ng3 39.Rf3 Ne2+ 40.Kf2 Nd4 41.Rf4
Nc7 42.g4 Nd5 43.Re4 Bc2 44.Re1 Nf6 45.Kg3 Ne4+ 46.Kf4 Nf2 47.h4
Kg7 48.Rf1 Nd1 49.Kg5 Ne3 50.Rf2 Nd5 51.f6+ Kh7 52.h5 Ne6+ 53.Kh4
Ba4 54.g5 b6 55.g6+ Kg8 56.h6 Ndf4 57.h7+ 1-0

[Event "Fide Open"]
[Site "Voronezh"]
[Date "2018.06.20"]
[Round "9.9"]
[White "Kulpin, Dmitriy"]
[Black "Bobkov, Vadim"]
[Result "1-0"]
[WhiteElo "1954"]
[BlackElo "2058"]
[Annotator ""]
[Source ""]
[Remark ""]

1.d4 d5 2.Nf3 Nf6 3.c4 e6 4.g3 dxc4 5.Bg2 Nc6 6.O-O Rb8 7.a4
a6 8.a5 b5 9.axb6 cxb6 10.Bf4 Bd6 11.Ne5 Ne7 12.Nxc4 Bxf4 13.gxf4
O-O 14.Nc3 Ng6 15.Ne5 Nxf4 16.Bf3 Qd6 17.e3 N4d5 18.Ne2 Bb7 19.Ng3
b5 20.Rc1 Rfc8 21.Rxc8+ Rxc8 22.e4 Ne7 23.Qd2 Qc7 24.Re1 Ng6
25.Nd3 Qd8 26.Qe3 Nd7 27.Rd1 Nh4 28.Bh1 Nb6 29.Ne5 f6 30.Nf3
Nc4 31.Qe2 Ng6 32.b3 Nf4 33.Qa2 Qa5 34.Qb1 Na3 35.Qa1 Rc2 36.Bg2
b4 37.Ne1 Rc3 38.Bf1 Qc7 39.Qb2 Nc2 40.Bc4 Nh3+ 41.Kg2 Nxe1+
42.Rxe1 Nf4+ 43.Kf1 Qd6 44.Qd2 h5 45.h4 Rf3 46.Qd1 Rc3 47.Nxh5
Rh3 48.Nxf4 Rh1+ 49.Ke2 Qxf4 50.Rxh1 Bxe4 51.Bxe6+ Kh8 52.Rh3
f5 53.Rg3 Qxh4 54.Qf1 Qh5+ 55.Ke1 1-0

[Event "Fide Open"]
[Site "Voronezh"]
[Date "2018.06.20"]
[Round "9.10"]
[White "Zisin, Oleg"]
[Black "Efendiev, Enver"]
[Result "0-1"]
[WhiteElo "2012"]
[BlackElo "1948"]
[Annotator ""]
[Source ""]
[Remark ""]

1.e4 e5 2.Nf3 Nc6 3.Bb5 f5 4.d3 fxe4 5.dxe4 Nf6 6.O-O Bc5 7.Nc3
O-O 8.Bg5 d6 9.Bc4+ Kh8 10.Nd5 Bg4 11.Nxf6 gxf6 12.Bh6 Rg8 13.Bxg8
Qxg8 14.Be3 f5 15.h3 Bh5 16.Bxc5 fxe4 17.Qd2 Bxf3 18.g3 dxc5
19.c3 Rd8 20.Qc1 Rd6 21.Re1 Rg6 22.Kh2 Qe6 23.h4 Rh6 24.Qg5 Rh5
25.Qd2 Qg4 0-1

[Event "Fide Open"]
[Site "Voronezh"]
[Date "2018.06.20"]
[Round "9.11"]
[White "Nesterov, Andrey"]
[Black "Nakonechny, Ignat"]
[Result "1-0"]
[WhiteElo "2010"]
[BlackElo "1890"]
[Annotator ""]
[Source ""]
[Remark ""]

1.e4 c5 2.Nf3 d6 3.d4 cxd4 4.Nxd4 Nf6 5.Nc3 a6 6.Be2 Nc6 7.Be3
e6 8.O-O Be7 9.Kh1 O-O 10.f4 Qc7 11.Bf3 Rb8 12.Nce2 e5 13.Nxc6
bxc6 14.b3 Bg4 15.Ng3 Be6 16.f5 Bc8 17.c4 a5 18.a4 Rd8 19.Qc2
Ba6 20.Bg5 d5 21.Be2 dxc4 22.Bxc4 Bxc4 23.Qxc4 Rd4 24.Qc2 Ng4
25.Bxe7 Qxe7 26.f6 Qd8 27.Nf5 Rd2 28.Ne7+ Kf8 29.Qc5 Qd6 30.fxg7+
Kxe7 31.Qa7+ Qd7 32.Qxb8 Rxg2 33.Rxf7+ Ke6 34.Rxd7 Rxh2+ 35.Kg1
Kxd7 36.Qb7+ Kd6 37.Rd1+ Kc5 38.Qa7+ Kb4 39.Qe7+ Kxb3 40.g8Q+ 1-0

[Event "Fide Open"]
[Site "Voronezh"]
[Date "2018.06.20"]
[Round "9.12"]
[White "Tikhonov, Viacheslav"]
[Black "Tverdokhleb, Aleksandr"]
[Result "1-0"]
[WhiteElo "1993"]
[BlackElo "1889"]
[Annotator ""]
[Source ""]
[Remark ""]

1.d4 d5 2.c4 dxc4 3.Nf3 Nf6 4.e3 e6 5.Bxc4 c5 6.O-O cxd4 7.exd4
Nbd7 8.Nc3 Nb6 9.Bb3 Be7 10.Qe2 O-O 11.Rd1 Nbd5 12.Bg5 Re8 13.Ne5
Bd7 14.Rd3 Rc8 15.Rh3 Nxc3 16.bxc3 Nd5 17.Qh5 Bxg5 18.Qxf7+ 1-0

[Event "Fide Open"]
[Site "Voronezh"]
[Date "2018.06.20"]
[Round "9.13"]
[White "Manukovsky, Vladimir"]
[Black "Katkov, Vitaly"]
[Result "1-0"]
[WhiteElo "2146"]
[BlackElo "2018"]
[Annotator ""]
[Source ""]
[Remark ""]

1.e4 a6 2.Nc3 b5 3.d4 Bb7 4.Bd3 e6 5.f4 Nf6 6.Qe2 d6 7.Nf3 Be7
8.O-O c5 9.dxc5 dxc5 10.Rd1 O-O 11.Bxb5 Qb6 12.Bc4 Nc6 13.e5
Ne8 14.b3 Nc7 15.Be3 Rad8 16.Na4 Qa7 17.Qf2 Nd5 18.Bxd5 Rxd5
19.Rxd5 exd5 20.Bxc5 Qa8 21.Rd1 Rd8 22.Nb6 Qb8 23.Nxd5 Bxc5 24.Qxc5
h6 25.c4 Qc8 26.h3 Kh8 27.Nd4 Qd7 28.Nxc6 1-0

[Event "Fide Open"]
[Site "Voronezh"]
[Date "2018.06.20"]
[Round "9.14"]
[White "Pingin, Artem"]
[Black "Peschansky, Mikhail"]
[Result "1/2-1/2"]
[WhiteElo "1967"]
[BlackElo "2137"]
[Annotator ""]
[Source ""]
[Remark ""]

1.e4 g6 2.d4 Bg7 3.Nc3 c6 4.Be3 d6 5.h4 h6 6.Qd2 Nd7 7.f4 Ngf6
8.Be2 Nb6 9.Nh3 Ng4 10.O-O-O Nxe3 11.Qxe3 h5 12.Ng5 Qc7 13.Rhf1
f6 14.Nh3 Bh6 15.Qg3 Be6 16.Qxg6+ Bf7 17.Qg3 Rg8 18.Qf2 O-O-O
19.Kb1 Nc4 20.d5 Nb6 21.Bf3 Kb8 22.Qe2 Rh8 23.Rfe1 e6 24.dxc6
bxc6 25.a3 Qb7 26.Ka1 e5 27.fxe5 Nc4 28.Rb1 dxe5 29.Bxh5 Rd2
30.Qf1 Ne3 31.Rxe3 Bxe3 32.Bxf7 Qxf7 33.g3 Rhd8 34.Nd1 Bh6 35.Nhf2
Qe6 36.Nd3 Rxc2 37.Nb4 Rc4 38.b3 Rxb4 39.axb4 Rd4 40.Nf2 Qd6
41.Rb2 Bd2 42.Ka2 Bc3 43.Rc2 Bxb4 44.Qa6 Bc5 45.Qa5 1/2-1/2